00634nam a2200169 i 450000100060000000300090000600500170001500700030003200800410003510000190007624501600009526000650025530000630032065000260038365000340040985200210044337038ES-MaACL20230906155506.0t|030220s1904 fr ||||1| fre d1 aBrunhes, Jean.12aL'irrigation bses conditions géographiques, ses modes et son organisation dans la Péninsule Ibérique et dans l'Afrique du Nord / cpar Jean Brunhes. aParis : bMasson et Cie, c1904 (eChartres : fImp. Durand) aXVII, 579 p., [16] h. de plan., 5 pleg. : bil. ; c25 cm. 4aRegadío-zEspaña. 4aRegadío-zAfrica del Norte. aES-MaACLjG-5937